000 00294nam a22001337a 4500
008 170614b xxu||||| |||| 00| 0 eng d
020 _a394920481
041 _aeng
080 _a94
100 _a17
101 _aSHH
245 _aLACE CUFFS AND LEATHER APRONS
_cSTARKEY,M
942 _2udc
_cBK
999 _c17269
_d17269